zpět

Detail výsledku týmu

Bowling pub, Vyškov

Datum a čas kvízu

28.5 Celkem bodů Celkový počet nahraných bodů na tomto kvízu bez doplňovacích otázek.
3. Pořadí na kvízu Konečné umístění týmu na tomto kvízu.

Zaznamenané odpovědi

# Otázka Odpověď Body Výsledky
1. Jedno naše město bojuje proti... Brno 0
2. Okázalé zahájení návštěvy seve... Strojvůdce přejel místo, kde byl připraven červený koberec. 1
3. Minulý týden vstoupil do kin p... (Avengers:) Endgame 1
4. Filipínský prezident Rodrigo D... Kanada 0
5. Olomoucké hráčky ve třetím fin... o volejbale 1
6. Na obrázku vidíme nizozemské m... Gouda 1
7. Jak se jmenuje bývalá nizozems... Beatrix 1
8. Nizozemsko se může pyšnit slav... Hieronymus Bosch 0
9. V nizozemském Haagu sídlí jist... Shell 0
10. Mezi nejoblíbenější sporty v N... Hendrik Johannes Cruijff (Johan Cruyff) 1